000 00572nam a2200229Ia 4500
003 OSt
005 20221005121408.0
006 a|||||r|||| 00| 0
007 ta
008 221004b |||||||| |||| 00| 0 kan d
024 _a59773
037 _cTextual
040 _aCRL
_cCRL
_bkan
041 _2kan
_akan
082 _aO33,1:gL7, K7
100 _aG. Varadarajarao
_9630548
245 0 _aHaridusa hrudaya
260 _c1967
650 _aKANNAD LITERATURE
942 _hO33,1:gL7, K7
_cTEXL
_2cc
999 _c1041037
_d1041037